Mengenal pokok-pokok ajaran syiah al-Imamiyah dan perbedannya dengan ahlus sunnah

Bibliographic Details
Main Author: Sayyid Muhibbudin Al-Khatib
Other Authors: Munawar Putera
Format: Book
Published: Surabaya : PT. Bina Ilmu , 1984
Subjects:

MARC

LEADER 00000cam a2200000 7i4500
001 0000001981
005 20050628.0
040 |a INS 
090 0 0 |a BP191.   |b M83 1984 
100 1 |a Sayyid Muhibbudin Al-Khatib 
245 1 0 |a Mengenal pokok-pokok ajaran syiah al-Imamiyah dan perbedannya dengan ahlus sunnah   |c Sayyid Muhibuddin al-Khatib   |f alih bahasa oleh Munawar Putera 
260 |a Surabaya :   |b PT. Bina Ilmu ,   |c 1984 
300 |a 60p ;   |c 1984. 
650 0 0 |a Islamic sects. 
700 0 |a Munawar Putera 
999 |a 0000001305   |b BOOK   |c Open Shelf   |e Default branch 
999 |a 0000001306   |b BOOK   |c Open Shelf   |e Default branch